Responses for show #7338 - Wednesday, July 6, 2016

Contestants

Emily Hillard, a systems coordinator from Evansville, Indiana

Matt Hoffer-Hawlik, an investment banker and strategy consultant from Boston, Massachusetts

TJ Bateman, a software Q.A. lead from Charlottesville, Virginia (whose 1-day cash winnings total $5,199)

Jeopardy! Round responses

CANADIAN PRIME MINISTERS
MY NAME IS SYMBOLIC
3-LETTER WORDS WITH ONLY 2 VOWELS
LITERARY GROUPS & MOVEMENTS
HIT THE GYM
GET INTO SHAPES
    $200 28
Great Britain

Matt
    $200 29
Prince

Matt
    $200 9
ace

Emily
    $200 2
the Beats

Matt
    $200 30
Equinox

Matt
    $200 1
the Oval Office

Emily
    $400 18
Catholicism

Matt
    $400 22
P!nk

TJ
    $400 10
oar

TJ
    $7,000 26
the Harlem Renaissance

Matt
    $400 27
Zumba

Matt
    $400 24
cashews

TJ
    $600 8
the CBC (Canadian Broadcasting Corporation)

Emily
    $600 19
Kesha

Matt
    $600 11
hue

Matt
    $600 14
Puritans

Matt
    $600 4
legs & thighs

Triple Stumper
    $600 15
Toblerone

TJ
    $800 12
Iran

Matt
    $800 20
Questlove

TJ
    $800 16
coo

TJ
    $800 3
Angry

Matt
    $800 5
a burpee

Triple Stumper
    $800 23
a lotus

TJ
    $1000 13
(Alexander) MacKenzie

Matt
    $1000 21
Rocky

Emily
    $1000 17
(Matt: What is roe?)

eel

Matt
Triple Stumper
    $1000 7
Goethe

Matt
    $1000 6
Gold's Gym

Matt
    $1000 25
the cochlea

Matt

Scores at the first commercial break (after clue 15):

TJ Matt Emily
$1,000 $6,000 $1,000

Scores at the end of the Jeopardy! Round:

TJ Matt Emily
$4,200 $15,000 $2,000

Double Jeopardy! Round responses

DEATH IN VENICE
BOTONY
TRAVELING ALONG THE 40th PARALLEL N.
TAXONOMIC FILM LIST
(Alex: And I'll give you a little heads-up on that. "Genus" will not be one of the correct responses.)
NOVEL VOCABULARY
"L" ON WHEELS
    $400 6
Marco Polo

TJ
    $400 12
a cactus

Matt
    $400 27
Beijing

Matt
    $400 29
Species

TJ
    $400 30
feathers

Matt
    $400 1
(Alex: Limited.)

LTD

Triple Stumper
    $800 7
(Matt: Who is Jesus?)

the Last Supper

TJMatt
    $3,000 15
pollen

TJ
    $800 23
Kansas

TJ
    $800 28
The Addams Family

Emily
    $800 22
tonsils

Matt
    $800 2
(TJ: What is Lexus?)

Legend

TJ
Triple Stumper
    $1200 8
Saint Marco's (Saint Mark's)

TJ
    $1200 16
Michigan State

TJ
    $6,000 20
Ankara

Matt
    $1200 24
Harry Potter and the Order of the Phoenix

TJ
    $1200 11
a monocle

TJ
    $1200 3
Lincoln

Emily
    $1600 9
(TJ: What is the Bridge of Sighs?)
...
(Alex: Probably the most famous bridge--[*].)

the Rialto

TJ
Triple Stumper
    $1600 17
a beetle

TJ
    $1600 14
(Matt: What is Sicily?)

Sardinia

TJMatt
    $1600 25
(Alex: Less than a minute to go now, TJ.)

the Kingdom of the Crystal Skull

Triple Stumper
    $1600 13
a samovar

Triple Stumper
    $1600 4
Lamborghini

TJ
    $2000 10
(Ezra) Pound

Matt
    $2000 18
the pink family

Triple Stumper
    $2000 19
the Tagus

Matt
    $2000 26
Class Action

Triple Stumper
    $2000 21
(TJ: What is the Lilliputian Sea?)
(Matt: What is the Red Sea?)

the Mediterranean Sea

TJMatt
Triple Stumper
    $2000 5
Land Cruiser

Triple Stumper

Scores at the end of the Double Jeopardy! Round:

TJ Matt Emily
$14,800 $22,600 $4,000

[wagering suggestions for these scores]

Final Jeopardy! Round responses

COMPOSERS
(Alex: [To Emily] Who came to our attention in the film about Mozart. Yes, Amadeus was the movie.)
EmilyWho is Antonio Salieri
$4,000
TJWho is Paganini
$10,000
MattWho is Salieri?
$7,001
Antonio Salieri

Final scores:

TJ Matt Emily
$4,800 $29,601 $8,000
3rd place: $1,000 New champion: $29,601 2nd place: $2,000

Game dynamics:

Coryat scores:

TJ Matt Emily
$12,600 $11,200 $4,000
19 R
(including 1 DD),
3 W
23 R
(including 2 DDs),
4 W
6 R,
0 W

Combined Coryat: $27,800

The J! Archive is created by fans, for fans. The Jeopardy! game show and all elements thereof, including but not limited to copyright and trademark thereto, are the property of Jeopardy Productions, Inc. and are protected under law. This website is not affiliated with, sponsored by, or operated by Jeopardy Productions, Inc. Join the discussion at JBoard.tv.